| 000 | 00453cam a2200181ua 4500 | ||
|---|---|---|---|
| 020 | _c1.37 | ||
| 041 |
_amal _h |
||
| 082 |
_a894.8127 _bRAM/AD |
||
| 100 | _aRaman Menon , Puthezhathu . | ||
| 245 |
_aAduthoon / _cPuthezhathu Raman Menon. _hTextual Documents |
||
| 260 |
_aEranakulam : _bKattoorkaran book stall , _c1957. |
||
| 300 | _a139 ; . | ||
| 365 | _a1.37 | ||
| 504 | _a | ||
| 942 | _cBK | ||
| 999 |
_c4280 _d4280 |
||